[Event "13th Asian Continental 2014"]
[Site "Sharjah UAE"]
[Date "2014.04.23"]
[Round "7.10"]
[White "Nguyen, Ngoc Truong Son"]
[Black "Al-Sayed, Mohammed"]
[Result "1/2-1/2"]
[WhiteTitle "GM"]
[BlackTitle "GM"]
[WhiteElo "2621"]
[BlackElo "2502"]
[WhiteFideId "12401110"]
[BlackFideId "12100196"]
[EventDate "2014.04.17"]

1. d4 Nf6 2. c4 g6 3. Nc3 Bg7 4. e4 d6 5. f3 O-O 6. Be3 c5 7. dxc5 dxc5 8. Qxd8
Rxd8 9. Bxc5 Nc6 10. Nge2 Nd7 11. Be3 Nde5 12. Nf4 Na5 13. Nfd5 Nexc4 14. Bc5 e6
15. Be7 Rxd5 16. exd5 Nxb2 17. Rc1 exd5 18. Ba3 Bxc3+ 19. Rxc3 Nbc4 20. Bb4 Nc6
21. Bxc4 dxc4 22. Rxc4 Be6 23. Rxc6 bxc6 24. a3 c5 1/2-1/2

[Event "13th Asian Continental 2014"]
[Site "Sharjah UAE"]
[Date "2014.04.23"]
[Round "7.11"]
[White "Kunte, Abhijit"]
[Black "Vidit, Santosh Gujrathi"]
[Result "1/2-1/2"]
[WhiteTitle "GM"]
[BlackTitle "GM"]
[WhiteElo "2470"]
[BlackElo "2610"]
[WhiteFideId "5002265"]
[BlackFideId "5029465"]
[EventDate "2014.04.17"]

1. d4 Nf6 2. c4 e6 3. Nf3 d5 4. e3 c5 5. cxd5 exd5 6. Nc3 cxd4 7. exd4 Be7 8. h3
Bf5 9. Bd3 Bxd3 10. Qxd3 O-O 1/2-1/2

[Event "13th Asian Continental 2014"]
[Site "Sharjah UAE"]
[Date "2014.04.23"]
[Round "7.12"]
[White "Gopal, G.N."]
[Black "Dao, Thien Hai"]
[Result "1/2-1/2"]
[WhiteTitle "GM"]
[BlackTitle "GM"]
[WhiteElo "2553"]
[BlackElo "2490"]
[WhiteFideId "5015693"]
[BlackFideId "12400084"]
[EventDate "2014.04.17"]

1. e4 e5 2. Nf3 Nf6 3. Nxe5 d6 4. Nf3 Nxe4 5. d4 d5 6. Bd3 Be7 7. O-O Nc6 8. Nc3
Bf5 9. Re1 Nxc3 10. bxc3 Bxd3 11. Qxd3 O-O 12. Rb1 Na5 13. Bf4 c6 14. c4 dxc4
15. Qf5 b6 16. Bd2 Bf6 17. Bxa5 bxa5 18. Qc5 Qd5 19. Qxd5 cxd5 20. Rb5 Rfd8 21.
c3 Rab8 22. Reb1 Rxb5 23. Rxb5 Kf8 24. Rb7 a6 25. Rb6 Ke7 26. Rxa6 Rb8 27. g4 h6
28. Rxa5 Rb1+ 29. Kg2 Rc1 30. Rxd5 Rxc3 31. Rc5 Rc2 32. a4 Kd6 33. a5 c3 34. a6
Ra2 35. Rxc3 Rxa6 36. Rc4 g5 37. Rb4 Ke6 38. h3 Rd6 39. Kf1 Kd5 40. Ke2 Ra6 41.
Rb5+ Ke4 42. Rf5 Rb6 43. d5 Bc3 44. Rxf7 Kxd5 45. h4 gxh4 46. Nxh4 Bf6 47. Ng2
Rb2+ 48. Kf3 Rb3+ 49. Ne3+ Ke6 50. Rc7 Bg5 51. Ke4 Rb4+ 52. Kf3 Rb3 53. Rc6+ Ke5
54. Rc5+ Kd6 55. Ra5 Ke6 56. Rc5 Kd6 57. Rc4 Ke5 58. Re4+ Kf6 59. Kg3 Kg6 60. f4
Bf6 61. Kf3 h5 62. g5 Bxg5 63. fxg5 Kxg5 64. Re5+ Kg6 65. Kg3 Ra3 66. Kf4 Ra4+
67. Kf3 Ra3 68. Re6+ Kg5 69. Re8 h4 70. Rg8+ Kf6 71. Rh8 Kg5 72. Rg8+ Kf6 73.
Rg4 h3 74. Rh4 Ke5 75. Rxh3 Rb3 76. Rh7 Ra3 77. Rb7 Ke6 78. Ke4 Ra4+ 79. Kd3 Rh4
80. Rb6+ Ke5 81. Rb5+ Ke6 82. Nc2 Rh3+ 83. Kc4 Rh4+ 84. Nd4+ Kf6 85. Rb8 Ke5 86.
Re8+ Kd6 87. Re6+ Kd7 88. Rg6 Ke7 89. Kd5 Rh5+ 90. Ke4 Rh4+ 91. Ke5 Rh5+ 92.
Nf5+ Kd7 93. Rf6 Kc7 94. Kd5 Rg5 95. Kc5 Kd7 96. Kd5 Kc7 97. Rc6+ Kb7 98. Rf6
Kc7 99. Rf8 Rh5 100. Rf7+ Kb6 101. Kc4 Kc6 102. Rf6+ Kd7 103. Ne3 Ke7 104. Ra6
Rh4+ 105. Kc5 Kf7 106. Nd5 Rh1 107. Rf6+ Kg7 108. Rf5 Rd1 109. Kd6 Kg6 110. Rf2
Kg5 111. Ke5 Re1+ 112. Kd4 Rd1+ 113. Ke4 Re1+ 114. Ne3 Kg6 115. Rf3 Re2 116. Ke5
Re1 117. Rg3+ Kf7 118. Kf5 Ke7 119. Nc4 Kd7 120. Ne5+ Kc7 121. Ke6 Kb6 122. Rc3
Kb5 123. Kd5 Rd1+ 124. Nd3 Kb6 125. Rb3+ Kc7 126. Ke4 1/2-1/2

[Event "13th Asian Continental 2014"]
[Site "Sharjah UAE"]
[Date "2014.04.23"]
[Round "7.13"]
[White "Sengupta, Deep"]
[Black "Vakhidov, Jahongir"]
[Result "1-0"]
[WhiteTitle "GM"]
[BlackTitle "IM"]
[WhiteElo "2531"]
[BlackElo "2472"]
[WhiteFideId "5008352"]
[BlackFideId "14201801"]
[EventDate "2014.04.17"]

1. d4 d6 2. e4 Nf6 3. f3 e5 4. dxe5 dxe5 5. Qxd8+ Kxd8 6. Nd2 Be6 7. Bc4 Nc6 8.
Bxe6 fxe6 9. Nc4 Bd6 10. Bd2 Ke7 11. Nh3 b5 12. Ne3 Nd7 13. Nf2 a5 14. a4 b4 15.
Nd3 h6 16. b3 Rhg8 17. O-O-O Rgd8 18. Be1 Nd4 19. Rd2 Nc5 20. Nb2 Ncxb3+ 21.
cxb3 Nxb3+ 22. Kc2 Nxd2 23. Bxd2 Bc5 24. Nec4 Kf6 25. Be1 Bd4 26. Bg3 b3+ 27.
Kb1 Ra6 28. Rd1 Ke7 29. Bxe5 Bxe5 30. Nxe5 Rxd1+ 31. Nxd1 Rd6 32. Kc1 Kf6 33.
Nc4 Rd8 34. Ndb2 g5 35. Nxa5 g4 36. fxg4 Rd4 37. Nxb3 Rxe4 38. h3 Kg5 39. Nc5
Re5 40. Nbd3 Re2 41. g3 e5 42. Kd1 Ra2 43. Ne4+ Kg6 44. Ndc5 h5 45. gxh5+ Kxh5
46. Kc1 Rh2 47. h4 Kg4 48. Kb1 Rh1+ 49. Kb2 Rf1 50. a5 Rf8 51. Kc3 Rb8 52. a6 c6
53. Kc4 Kf3 54. h5 Rh8 55. Kb4 Rb8+ 56. Ka5 Rb5+ 57. Ka4 Rb8 58. h6 Ke3 59. h7
Kd4 60. a7 Ra8 61. Kb3 1-0

[Event "13th Asian Continental 2014"]
[Site "Sharjah UAE"]
[Date "2014.04.23"]
[Round "7.14"]
[White "Batchuluun, Tsegmed"]
[Black "Chu, Wei Chao"]
[Result "1-0"]
[WhiteTitle "GM"]
[WhiteElo "2521"]
[BlackElo "2315"]
[WhiteFideId "4900847"]
[BlackFideId "8605661"]
[EventDate "2014.04.17"]

1. d4 g6 2. c4 Bg7 3. e4 d6 4. Nc3 Nc6 5. Be3 Nf6 6. f3 O-O 7. Nge2 a6 8. Qd2
Rb8 9. h4 h5 10. Nc1 e5 11. d5 Nd4 12. Nb3 c5 13. dxc6 bxc6 14. Nxd4 exd4 15.
Bxd4 Re8 16. Rd1 Be6 17. Be2 c5 18. Bf2 Qa5 19. O-O Nd7 20. Rc1 Ne5 21. b3 Nc6
22. Rfd1 Nd4 23. Bf1 Kh7 24. Be3 Qd8 25. Bg5 Qd7 26. Ne2 f5 27. Nxd4 cxd4 28.
Bd3 fxe4 29. Bxe4 Bf5 30. Bxf5 Qxf5 31. Kf1 a5 32. Qd3 Qe5 33. Kf2 Qc5 34. Re1
Qa3 35. Rxe8 Rxe8 36. Rc2 a4 37. Bc1 Qb4 38. Re2 Be5 39. Bb2 axb3 40. axb3 Qb6
41. Re4 Rb8 42. Bxd4 Qxb3 43. Qxb3 Rxb3 44. Bxe5 dxe5 45. Rxe5 Rc3 46. Re7+ Kg8
47. Rc7 Rc2+ 48. Kg3 Kf8 49. c5 Rc4 50. Kh3 Kg8 51. c6 Kf8 52. g4 hxg4+ 53. fxg4
Ke8 54. Kg3 Kf8 55. Kf3 Ke8 56. h5 gxh5 57. gxh5 Kd8 58. Rd7+ Ke8 59. h6 Rxc6
60. h7 Kxd7 61. h8=Q Re6 62. Kf4 Re7 63. Kf5 Rf7+ 64. Ke5 Re7+ 65. Kd5 Rf7 66.
Qh3+ Ke8 67. Ke6 Re7+ 68. Kd6 Rg7 69. Qf5 Rg1 70. Qe4+ Kf7 71. Qc4+ Kg6 72. Qg8+ 1-0

[Event "13th Asian Continental 2014"]
[Site "Sharjah UAE"]
[Date "2014.04.23"]
[Round "7.15"]
[White "Vishnu Prasanna, V"]
[Black "Vaibhav, Suri"]
[Result "0-1"]
[WhiteTitle "GM"]
[BlackTitle "GM"]
[WhiteElo "2465"]
[BlackElo "2530"]
[WhiteFideId "5030692"]
[BlackFideId "5045185"]
[EventDate "2014.04.17"]

1. e4 e5 2. Nf3 Nc6 3. Bb5 a6 4. Ba4 Nf6 5. O-O Be7 6. Re1 b5 7. Bb3 d6 8. c3
O-O 9. h3 Nb8 10. d4 Nbd7 11. Nbd2 Bb7 12. Bc2 Re8 13. Nf1 Bf8 14. Ng3 g6 15.
Bg5 h6 16. Bd2 Bg7 17. a4 c5 18. d5 c4 19. b4 cxb3 20. Bxb3 Nc5 21. c4 Qd7 22.
Ba5 Rec8 23. Bc2 bxc4 24. Nd2 Nd3 25. Bxd3 cxd3 26. Qb3 Rab8 27. Qxd3 Qe7 28.
Nc4 Nd7 29. Rac1 Bf8 30. Qa3 Ba8 31. Bb4 Nc5 32. a5 Rxb4 33. Qxb4 Nd3 34. Qd2
Nxe1 35. Qxe1 Bb7 36. Nb6 Rc7 37. Nf1 Qd8 38. Ne3 Be7 39. Rc3 Rxc3 40. Qxc3 Qb8
41. g3 Bd8 42. Qa3 Qc7 43. Nbc4 Be7 44. Kg2 h5 45. Qb4 Kf8 46. Kf1 Bc8 47. Ke2
Qb7 48. Qb6 Qd7 49. Qc6 Qxh3 50. Nxd6 Bd7 51. Qxa6 Kg7 52. Ndc4 Bg4+ 53. Kd3 Bc5
54. Qb7 Bd4 0-1

[Event "13th Asian Continental 2014"]
[Site "Sharjah UAE"]
[Date "2014.04.23"]
[Round "7.16"]
[White "Pourramezanali, Amirreza"]
[Black "Lalith, Babu M.R."]
[Result "1/2-1/2"]
[WhiteTitle "FM"]
[BlackTitle "GM"]
[WhiteElo "2435"]
[BlackElo "2594"]
[WhiteFideId "12511412"]
[BlackFideId "5024595"]
[EventDate "2014.04.17"]

1. e4 c6 2. d4 d5 3. Nc3 dxe4 4. Nxe4 Bf5 5. Ng3 Bg6 6. Nh3 Nf6 7. Nf4 e5 8.
Nxg6 hxg6 9. dxe5 Qxd1+ 10. Kxd1 Ng4 11. Ke2 Nxe5 12. f4 Ng4 13. h3 Nf6 14. Kf3
Nbd7 15. Bc4 Bd6 16. Be3 Nb6 17. Bxb6 axb6 18. Rhe1+ Kf8 19. Rad1 Bxf4 20. Ne4
Be5 21. Bxf7 Rh4 22. Bxg6 Rf4+ 23. Ke3 Nd5+ 24. Ke2 Ra4 25. Ng5 Ke7 26. Nf3 Bxb2
27. g3 Rf8 28. c4 Kf6 29. cxd5 Kxg6 30. dxc6 bxc6 31. Rd6+ Rf6 32. Red1 Rxa2 33.
R6d2 Re6+ 34. Kf1 Ra1 35. Rxa1 Bxa1 36. g4 b5 37. h4 b4 38. Rd8 Bc3 39. Kg2 Kf6
40. Rb8 Ke7 41. Ng5 Re5 42. Rb7+ Ke8 43. Kf3 Re7 44. Rb8+ Kd7 45. Rb7+ Ke8 46.
Rb8+ 1/2-1/2

[Event "13th Asian Continental 2014"]
[Site "Sharjah UAE"]
[Date "2014.04.23"]
[Round "7.17"]
[White "Wang, Chen"]
[Black "Abdyjapar, Asyl"]
[Result "1-0"]
[WhiteTitle "IM"]
[BlackTitle "IM"]
[WhiteElo "2513"]
[BlackElo "2406"]
[WhiteFideId "8601020"]
[BlackFideId "13800337"]
[EventDate "2014.04.17"]

1. e4 c5 2. Nc3 Nc6 3. f4 g6 4. Nf3 Bg7 5. g3 d6 6. Bg2 Nf6 7. O-O O-O 8. d3 Nd4
9. h3 Bd7 10. Kh2 Rc8 11. Ne2 Ba4 12. Nexd4 cxd4 13. Nxd4 Qc7 14. b3 Qc3 15. Be3
Nd7 16. e5 dxe5 17. Ne2 Qxc2 18. bxa4 exf4 19. Nxf4 Bxa1 20. Qxa1 Qxa4 21. Nd5
Rfe8 22. Bg5 Qa3 23. Qd4 Rc2 24. Ne3 Rc7 25. Qf4 f6 26. Qxc7 1-0

[Event "13th Asian Continental 2014"]
[Site "Sharjah UAE"]
[Date "2014.04.23"]
[Round "7.18"]
[White "Nguyen, Duc Hoa"]
[Black "Munkhgal, Gombosuren"]
[Result "1-0"]
[WhiteTitle "IM"]
[BlackTitle "IM"]
[WhiteElo "2508"]
[BlackElo "2424"]
[WhiteFideId "12401358"]
[BlackFideId "4901266"]
[EventDate "2014.04.17"]

1. d4 Nf6 2. c4 e6 3. Nf3 d5 4. Nc3 Bb4 5. Bg5 Nbd7 6. cxd5 exd5 7. e3 c5 8.
dxc5 Qa5 9. Rc1 Ne4 10. Qxd5 Nxc3 11. bxc3 Bxc3+ 12. Kd1 O-O 13. Bc4 Nf6 14.
Bxf6 Bxf6 15. Ke2 Bg4 16. c6 Qa3 17. cxb7 Qb2+ 18. Qd2 Qxb7 19. Bd5 Qb5+ 20. Qd3
Rab8 21. Qxb5 Rxb5 22. Bb3 a5 23. Rhd1 Rb4 24. Rc4 Rxc4 25. Bxc4 Rb8 26. Bb3 Be6
27. Nd2 Rb4 28. Rc1 Kf8 29. Bxe6 fxe6 30. Kd3 Ra4 31. Rc2 Rb4 32. Rc4 Rb2 33.
Ra4 Be7 34. Rf4+ Ke8 35. a4 Ra2 36. Nb3 Bb4 37. Nd4 e5 38. Re4 Rxa4 39. Rxe5+
Kf7 40. Rf5+ Kg6 41. g4 Be7 42. f4 Bf6 43. Nc6 Ra3+ 44. Ke4 a4 45. Ra5 Ra2 46.
g5 Bc3 47. Ne7+ Kf7 48. Ra7 Ke6 49. Nc8 1-0

[Event "13th Asian Continental 2014"]
[Site "Sharjah UAE"]
[Date "2014.04.23"]
[Round "7.19"]
[White "Debashis, Das"]
[Black "Wang, Yiye"]
[Result "1/2-1/2"]
[WhiteTitle "GM"]
[WhiteElo "2504"]
[BlackElo "2415"]
[WhiteFideId "5024854"]
[BlackFideId "8606021"]
[EventDate "2014.04.17"]

1. d4 d5 2. c4 c6 3. Nf3 Nf6 4. Nc3 dxc4 5. a4 Bf5 6. Ne5 Na6 7. e3 Nb4 8. Bxc4
e6 9. O-O Bc2 10. Qe2 Nd7 11. Nxd7 Qxd7 12. b3 Be7 13. Bb2 O-O 14. Rac1 Bg6 15.
Rfd1 Rfd8 16. e4 Bf6 17. Ba3 a5 18. Bb2 Bxd4 19. Nb5 Bxb2 20. Rxd7 Bxc1 21.
Rxd8+ Rxd8 22. Nc3 Rd2 23. Qf3 Nc2 24. h4 Nd4 25. Qg3 h5 26. Bf1 Bb2 27. Qe3
Bxc3 28. Qxc3 Rd1 29. Qe3 e5 30. f3 f6 31. Kf2 Bf7 32. Qc3 Nxb3 33. Bc4 Nd4 34.
Bxf7+ Kxf7 35. Qxa5 Rb1 36. Qc3 Rb3 37. Qc4+ Kg6 38. Kg1 Rb2 39. Kh1 b5 40. axb5
cxb5 41. Qc8 Rb1+ 42. Kh2 Rb3 43. f4 exf4 44. Qe8+ Kh6 45. e5 Rb2 1/2-1/2

[Event "13th Asian Continental 2014"]
[Site "Sharjah UAE"]
[Date "2014.04.23"]
[Round "7.20"]
[White "Idani, Pouya"]
[Black "Al-Hadarani, Hatim"]
[Result "1-0"]
[WhiteTitle "IM"]
[BlackTitle "FM"]
[WhiteElo "2502"]
[BlackElo "2249"]
[WhiteFideId "12510130"]
[BlackFideId "9400273"]
[EventDate "2014.04.17"]

1. e4 c5 2. Nf3 Nc6 3. d4 cxd4 4. Nxd4 Nf6 5. Nc3 d6 6. Bg5 e6 7. Qd2 a6 8.
O-O-O Be7 9. f4 Bd7 10. Nf3 h6 11. Bxf6 gxf6 12. f5 b5 13. Ne2 Qa5 14. Qxa5 Nxa5
15. Nf4 Rg8 16. g3 Rc8 17. fxe6 fxe6 18. Bh3 e5 19. Bxd7+ Kxd7 20. Nd5 Ke6 21.
Nh4 Nc6 22. Nf5 Bf8 23. Rhf1 Rg6 24. Nh4 Rg4 25. Rxf6+ Kd7 26. Nb6+ Ke7 27.
Rdxd6 1-0

[Event "13th Asian Continental 2014"]
[Site "Sharjah UAE"]
[Date "2014.04.23"]
[Round "7.21"]
[White "Omar, Noaman"]
[Black "Gao, Rui"]
[Result "0-1"]
[WhiteTitle "IM"]
[BlackTitle "GM"]
[WhiteElo "2361"]
[BlackElo "2484"]
[WhiteFideId "9300244"]
[BlackFideId "8602387"]
[EventDate "2014.04.17"]

1. d4 Nf6 2. c4 g6 3. Nc3 d5 4. Nf3 Bg7 5. Qb3 dxc4 6. Qxc4 O-O 7. e4 a6 8. e5
b5 9. Qb3 Nfd7 10. Ng5 Nc6 11. Be3 Na5 12. Qc2 c5 13. dxc5 Nxe5 14. Rd1 Bf5 15.
Nge4 Qc7 16. Nd5 Qb7 17. f3 Rad8 18. Ndc3 b4 19. Rxd8 Rxd8 20. Nd1 Ng4 21. Bd2
Nc6 22. Ne3 Nd4 23. Qb1 Nxe3 24. Bxe3 b3 0-1

[Event "13th Asian Continental 2014"]
[Site "Sharjah UAE"]
[Date "2014.04.23"]
[Round "7.22"]
[White "Khader, Sami"]
[Black "Shyam, Sundar M."]
[Result "0-1"]
[WhiteTitle "IM"]
[BlackTitle "GM"]
[WhiteElo "2356"]
[BlackElo "2481"]
[WhiteFideId "8100500"]
[BlackFideId "5019141"]
[EventDate "2014.04.17"]

1. d4 Nf6 2. c4 g6 3. Nc3 Bg7 4. e4 d6 5. Bd3 e5 6. d5 O-O 7. Nge2 c5 8. Bg5 h6
9. Bd2 Ne8 10. Qc1 h5 11. Qc2 Nd7 12. h3 Ndf6 13. Bg5 Qc7 14. f3 a6 15. g4 b5
16. Qd2 bxc4 17. Bxc4 Rb8 18. b3 Rb4 19. Ng3 Nh7 20. gxh5 Nxg5 21. Qxg5 Kh7 22.
Nge2 Bh6 23. hxg6+ fxg6 24. Qg2 Ng7 25. Kd1 Qf7 26. Rf1 Qf6 27. Kc2 Nh5 28. Rad1
a5 29. Rd3 Qh4 30. Nb5 Bd7 31. a4 Qxh3 32. Qxh3 Bxh3 33. Rg1 Rf6 34. f4 Bd7 35.
fxe5 Rf2 36. Kd1 dxe5 37. d6 Rxe2 38. Kxe2 Nf4+ 39. Kd2 Nh3+ 40. Kc2 Nxg1 41.
Rd5 Bf8 42. Rd1 Nh3 43. Nc7 Rxc4+ 44. bxc4 Bxa4+ 45. Kd2 Bxd1 46. d7 Be7 47.
Kxd1 Nf4 0-1

[Event "13th Asian Continental 2014"]
[Site "Sharjah UAE"]
[Date "2014.04.23"]
[Round "7.23"]
[White "Fang, Yan"]
[Black "Darini, Pouria"]
[Result "1-0"]
[BlackTitle "GM"]
[WhiteElo "2323"]
[BlackElo "2471"]
[WhiteFideId "8604746"]
[BlackFideId "12502200"]
[EventDate "2014.04.17"]

1. e4 c5 2. Nf3 d6 3. d4 cxd4 4. Nxd4 Nf6 5. Nc3 a6 6. Bc4 e6 7. Bb3 Nbd7 8. f4
Nc5 9. e5 dxe5 10. fxe5 Nfd7 11. Bf4 Be7 12. Qf3 O-O 13. O-O-O Bg5 14. Rhe1
Bxf4+ 15. Qxf4 Qc7 16. Re3 b5 17. Nf5 exf5 18. Nd5 Qb8 19. Ne7+ Kh8 20. Bd5 Re8
21. Qh4 Nf8 22. Bxa8 Qxa8 23. Rc3 Ne4 24. Rxc8 Rxc8 25. Nxc8 Qxc8 26. Qe7 Qc5
27. Qxf7 g6 28. Kb1 h6 29. e6 Nd2+ 30. Kc1 1-0

[Event "13th Asian Continental 2014"]
[Site "Sharjah UAE"]
[Date "2014.04.23"]
[Round "7.24"]
[White "Xu, Yinglun"]
[Black "Chahrour, Ibrahim"]
[Result "1-0"]
[BlackTitle "FM"]
[WhiteElo "2381"]
[BlackElo "2079"]
[WhiteFideId "8604940"]
[BlackFideId "5301653"]
[EventDate "2014.04.17"]

1. d4 Nf6 2. c4 g6 3. Nc3 Bg7 4. e4 d6 5. Be2 O-O 6. Nf3 e5 7. Be3 Ng4 8. Bg5 f6
9. Bh4 g5 10. Bg3 Nc6 11. d5 Ne7 12. h3 Nh6 13. Qd2 Ng6 14. O-O-O Nf7 15. Kb1 f5
16. exf5 Bxf5+ 17. Bd3 Qf6 18. Ne4 Bxe4 19. Bxe4 Nf4 20. h4 h6 21. Qc2 g4 22.
Nh2 h5 23. Rdf1 Nh6 24. f3 gxf3 25. Rxf3 Ng4 26. Be1 Nxh2 27. Rxh2 Qe7 28. Rb3
c6 29. g3 cxd5 30. cxd5 Rac8 31. Rc3 Rxc3 32. bxc3 Qc7 33. gxf4 Rxf4 34. Re2 Rf1
35. Qa4 Qb6+ 36. Kc2 Qg1 37. Qe8+ Rf8 38. Qxh5 1-0

[Event "13th Asian Continental 2014"]
[Site "Sharjah UAE"]
[Date "2014.04.23"]
[Round "7.26"]
[White "Akshat, Khamparia"]
[Black "Al-Takrori, Husam"]
[Result "1-0"]
[WhiteTitle "IM"]
[WhiteElo "2374"]
[BlackElo "2097"]
[WhiteFideId "5016541"]
[BlackFideId "11501200"]
[EventDate "2014.04.17"]

1. d4 Nf6 2. c4 e6 3. Nc3 Bb4 4. g3 d5 5. Bg2 c6 6. Nf3 O-O 7. O-O Nbd7 8. a3
Bd6 9. b3 dxc4 10. bxc4 e5 11. e3 Re8 12. Bb2 exd4 13. exd4 Nf8 14. Qc2 Qa5 15.
d5 Bd7 16. Rad1 Rad8 17. Nd4 c5 18. Ndb5 Bb8 19. Na4 Bxb5 20. cxb5 Qxb5 21. Bxf6
gxf6 22. Rb1 Qa6 23. Nxc5 Rc8 24. Nxa6 Rxc2 25. Rxb7 Bd6 26. Rxa7 Ree2 27. Nb4
Rcd2 28. Ra5 Ng6 29. Bf3 Re8 30. Rc1 Ne5 31. Bh5 Rb8 32. Rd1 Bxb4 33. axb4 Rxd1+
34. Bxd1 Rxb4 35. Bh5 Rd4 36. f4 Ng6 37. Kf2 f5 38. Ke3 Re4+ 39. Kd3 Kf8 40. Bf3
Re1 41. Kd4 Ke7 42. Ra7+ Kf6 43. Ra6+ Ke7 44. d6+ Kd7 45. Bd5 Rd1+ 46. Kc5 Rc1+
47. Bc4 h5 48. Ra7+ Ke8 49. Kb5 Rb1+ 50. Kc6 Rb8 51. Bxf7+ Kd8 52. Bxg6 h4 53.
Rh7 Rc8+ 54. Kd5 h3 55. Rh8+ Kd7 1-0

[Event "13th Asian Continental 2014"]
[Site "Sharjah UAE"]
[Date "2014.04.23"]
[Round "7.27"]
[White "Shehab, Ibrahim"]
[Black "Igonin, Temur"]
[Result "0-1"]
[BlackTitle "FM"]
[WhiteElo "2082"]
[BlackElo "2194"]
[WhiteFideId "10300082"]
[BlackFideId "14203049"]
[EventDate "2014.04.17"]

1. d4 d5 2. c4 dxc4 3. e3 Nf6 4. Bxc4 e6 5. Nf3 c5 6. O-O a6 7. dxc5 Qxd1 8.
Rxd1 Bxc5 9. Nbd2 b6 10. b3 Nbd7 11. Bb2 Bb7 12. Be2 O-O 13. Nc4 Bd5 14. Rac1
Rfc8 15. h3 Rc7 16. Nce5 Rcc8 17. Nxd7 Nxd7 18. e4 Bc6 19. a3 a5 20. Nd4 Bxd4
21. Rxd4 Nc5 22. Rd6 Bxe4 23. Rxb6 Nd3 24. Rxc8+ Rxc8 25. Bd4 Nf4 26. Bf1 Bxg2
27. Be3 Bxf1 28. Kxf1 Nd5 29. Rb5 Nxe3+ 30. fxe3 f5 31. Rxa5 Rc3 32. b4 Rxe3 33.
b5 Rb3 34. a4 f4 35. Ra6 Kf7 36. b6 e5 37. Ra7+ Kf6 38. b7 e4 39. a5 Rb1+ 40.
Kg2 Rb2+ 41. Kf1 Rb1+ 42. Ke2 Ke5 43. a6 f3+ 44. Ke3 Rb3+ 45. Kf2 Kf4 46. Ra8
e3+ 47. Kg1 Kg3 48. b8=Q+ Rxb8 49. Rxb8 e2 0-1

[Event "13th Asian Continental 2014"]
[Site "Sharjah UAE"]
[Date "2014.04.23"]
[Round "7.28"]
[White "Muniz Pardino, Alberto"]
[Black "Al-Hajiri, Bader"]
[Result "1/2-1/2"]
[WhiteElo "2105"]
[BlackElo "2095"]
[WhiteFideId "2229560"]
[BlackFideId "10300163"]
[EventDate "2014.04.17"]

1. e4 e5 2. Nf3 Nf6 3. Nxe5 d6 4. Nf3 Nxe4 5. Nc3 Nxc3 6. dxc3 Nc6 7. Bf4 Be6 8.
Nd4 Nxd4 9. Qxd4 c6 10. O-O-O Qa5 11. a3 O-O-O 12. Bd3 Qb6 13. Qxb6 axb6 14.
Rhe1 d5 15. Be5 Bd7 16. Re2 Re8 17. Rde1 f6 18. Bg3 Rxe2 19. Rxe2 g6 20. c4 dxc4
21. Bxc4 Kd8 22. a4 Bc5 23. c3 Re8 24. Rxe8+ Kxe8 25. b4 Be7 26. f3 Bf5 27. Bf2
Bd8 28. g4 Bd7 29. Bd3 Be6 30. Kc2 Bd5 31. Be2 Bc7 32. c4 Be6 33. h3 f5 34. Bd3
Kf7 35. Kc3 Kf6 36. Bh4+ g5 37. Bf2 Kg6 38. Bd4 h5 39. Bh8 Bd8 40. Kd4 hxg4 41.
hxg4 Bf6+ 42. Bxf6 Kxf6 43. Be2 Bd7 44. Bd1 1/2-1/2

[Event "13th Asian Continental 2014"]
[Site "Sharjah UAE"]
[Date "2014.04.23"]
[Round "7.29"]
[White "Raes, Abdul Kader"]
[Black "Abdulkarim, Ali"]
[Result "1/2-1/2"]
[WhiteElo "2248"]
[BlackElo "1927"]
[WhiteFideId "7600801"]
[BlackFideId "9301640"]
[EventDate "2014.04.17"]

1. c4 Nf6 2. g3 e6 3. Bg2 c5 4. Nf3 Nc6 5. O-O d5 6. d4 dxc4 7. Na3 cxd4 8. Nxc4
Bc5 9. Nfe5 Nxe5 10. Nxe5 O-O 11. Qb3 Nd5 12. Rd1 Qb6 13. Qc4 Qb4 14. Bxd5 exd5
15. Qxb4 Bxb4 16. Rxd4 Bd6 17. Rxd5 Bxe5 18. Rxe5 Be6 19. Bd2 Rfd8 20. Bc3 Rd5
21. Rxd5 Bxd5 22. f3 Rd8 23. Rd1 Rd7 24. Rd4 Be6 25. Ra4 a6 26. Kf2 h5 27. h4
Rc7 28. Ra5 g6 29. e4 Kf8 30. Ke3 Bc4 31. Bd4 Bb5 32. a4 Bd7 33. Bc5+ Ke8 34.
Bd4 Kf8 35. Bf6 Rc6 36. Rd5 Rxf6 37. Rxd7 Rb6 38. e5 Rxb2 39. Kf4 Rb3 40. g4
Rb4+ 41. Kg5 hxg4 42. fxg4 Re4 43. Rxb7 Rxe5+ 44. Kh6 Re4 45. Rb8+ Ke7 46. Rb7+
Kf8 47. Rb8+ Ke7 48. Rb7+ Kf8 1/2-1/2

[Event "13th Asian Continental 2014"]
[Site "Sharjah UAE"]
[Date "2014.04.24"]
[Round "8.1"]
[White "Yu, Yangyi"]
[Black "Bu, Xiangzhi"]
[Result "1-0"]
[WhiteTitle "GM"]
[BlackTitle "GM"]
[WhiteElo "2667"]
[BlackElo "2699"]
[WhiteFideId "8603820"]
[BlackFideId "8601445"]
[EventDate "2014.04.17"]

1. e4 c5 2. Nf3 Nc6 3. d4 cxd4 4. Nxd4 g6 5. Nc3 Bg7 6. Be3 Nf6 7. Bc4 O-O 8.
Bb3 d6 9. f3 Bd7 10. Qd2 Nxd4 11. Bxd4 b5 12. h4 a5 13. h5 a4 14. Bd5 b4 15.
Bxf6 exf6 16. Ne2 f5 17. hxg6 hxg6 18. exf5 Bxf5 19. Bxa8 Qxa8 20. Rd1 Rc8 21.
Qxb4 Rxc2 22. Rd2 Rxd2 23. Qxd2 Be6 1-0

[Event "13th Asian Continental 2014"]
[Site "Sharjah UAE"]
[Date "2014.04.24"]
[Round "8.3"]
[White "Jumabayev, Rinat"]
[Black "Adhiban, Baskaran"]
[Result "0-1"]
[WhiteTitle "GM"]
[BlackTitle "GM"]
[WhiteElo "2580"]
[BlackElo "2609"]
[WhiteFideId "13702661"]
[BlackFideId "5018471"]
[EventDate "2014.04.17"]

1. d4 Nf6 2. c4 g6 3. Nc3 Bg7 4. e4 d6 5. Nf3 O-O 6. Be2 e5 7. O-O Nc6 8. d5 Ne7
9. b4 Nh5 10. g3 a5 11. b5 Nf6 12. b6 cxb6 13. Ba3 Bh6 14. Rb1 Bh3 15. Re1 Nc8
16. c5 bxc5 17. Rxb7 Ra7 18. Rxa7 Nxa7 19. Bc1 Bxc1 20. Qxc1 Bg4 21. Qb2 a4 22.
Rb1 Qa5 23. Qc2 Nd7 24. Nxa4 Bxf3 25. Bxf3 Nb5 26. Qd3 Qxa4 27. Qxb5 Qxa2 28.
Rf1 Nf6 29. Qb6 Qa3 30. Kg2 c4 31. Qc7 c3 32. Re1 g5 33. h3 h5 34. Re3 g4 35.
hxg4 hxg4 36. Bd1 Kg7 37. Rxc3 Qa1 38. Rc1 Qd4 39. Qc4 Nxe4 40. Qxd4 exd4 41.
Bxg4 f5 42. Rc7+ Kf6 43. Bd1 Rb8 44. f4 Rb2+ 45. Rc2 Rb3 46. Bf3 d3 47. Rc7 d2
48. Bh5 Rxg3+ 49. Kf1 Rg7 50. Rxg7 Kxg7 0-1